Calles Recorrido Esperanza Macarena - Estadísticas

Estadísticas generales
  • Esta prueba ha sido intentada 25 veces
  • La puntuación promedio es 22 de 41
Estadísticas de respuestas
Hint Respuesta % Correcto
Edificio Basílica
90%
Edificio Basílica
90%
Calle Sierpes
90%
Plaza Campana
85%
Calle Feria
85%
Calle Feria
85%
Edificio Catedral
80%
Calle Resolana
75%
Calle Resolana
75%
Calle Trajano
75%
Calle Alameda de Hércules
70%
Calle Avenida de la Constitucion
65%
Calle Relator
65%
Calle Relator
65%
Plaza Plaza Virgen de los Reyes
60%
Calle Alemanes
55%
Calle Cuesta del Rosario
55%
Calle Francos
55%
Calle Parras
55%
Calle Placentines
55%
Plaza Plaza del Duque
55%
Calle Argote de Molina
50%
Calle Álvarez Quintero
45%
Calle Álvarez Quintero
45%
Calle Boteros
45%
Calle Santa Ángela de la Cruz
45%
Calle Chapineros
40%
Plaza Plaza San Francisco
40%
Calle Cardenal Carlos Amigo
35%
Calle Odreros
35%
Calle Sales y Ferré
35%
Calle Villegas
35%
Edificio Arco de la Macarena
30%
Calle Jesús de las Tres Caídas
30%
Plaza Plaza de la Esperanza Macarena
30%
Plaza Plaza de la Esperanza Macarena
30%
Plaza Plaza de San Pedro
30%
Plaza Plaza del Cristo de Burgos
25%
Calle San Juan de la Palma
20%
Calle Escoberos
15%
Calle Fray Luis Sotelo
15%
No se encontraron pruebas coincidentes
Distribución de puntuación
Porcentaje de gente con cada puntuación
Porcentaje por número respondido
Historial de tus puntuaciones
No has intentado esta prueba.